Energy services for the world's poor
Đã lưu trong:
| Údar Corparáideach: | |
|---|---|
| Formáid: | Leabhar |
| Teanga: | Undetermined |
| Foilsithe: |
Washington DC
The World Bank
2000
|
| Ábhair: | |
| Clibeanna: |
Cuir Clib Leis
Gan Chlibeanna, Bí ar an gcéad duine leis an taifead seo a chlibeáil!
|
| Thư viện lưu trữ: | Trung tâm Học liệu Trường Đại học Cần Thơ |
|---|
| LEADER | 00486nam a2200181Ia 4500 | ||
|---|---|---|---|
| 001 | CTU_62822 | ||
| 008 | 210402s9999 xx 000 0 und d | ||
| 082 | |a 363.61 | ||
| 082 | |b W927 | ||
| 110 | |a World Bank | ||
| 245 | 0 | |a Energy services for the world's poor | |
| 245 | 0 | |c World Bank | |
| 260 | |a Washington DC | ||
| 260 | |b The World Bank | ||
| 260 | |c 2000 | ||
| 650 | |a Water supply | ||
| 904 | |i Minh (Nguyên sửa) | ||
| 980 | |a Trung tâm Học liệu Trường Đại học Cần Thơ | ||